|
|
|
|
| LEADER |
03395nam a2200673 ia4500 |
| 001 |
nkc20223466155 |
| 003 |
CZ PrNK |
| 005 |
20230104151730.0 |
| 007 |
ta |
| 008 |
221024m20229999xr abc c p 001 0 cze |
| 015 |
|
|
|a cnb003466155
|
| 020 |
|
|
|a 978-80-7358-416-0
|q (učebnice ;
|q brožováno)
|
| 020 |
|
|
|a 978-80-7358-417-7
|q (pracovní sešit 1 a 2 ;
|q brožováno)
|
| 035 |
|
|
|a (OCoLC)1357140954
|
| 040 |
|
|
|a BOA001
|b cze
|d ABA001
|e rda
|
| 072 |
|
7 |
|a 51
|x Matematika
|2 Konspekt
|9 13
|
| 072 |
|
7 |
|a 37.016
|x Učební osnovy. Vyučovací předměty. Učebnice
|2 Konspekt
|9 22
|
| 080 |
|
|
|a 51
|2 MRF
|
| 080 |
|
|
|a (075.2)
|2 MRF
|
| 080 |
|
|
|a (075.3)
|2 MRF
|
| 080 |
|
|
|a (076.1)
|2 MRF
|
| 100 |
1 |
|
|a Brlicová, Věra
|7 xx0209025
|4 aut
|
| 245 |
1 |
0 |
|a Matematika pro život 8 :
|b pro 8. ročník základních škol a víceletá gymnázia /
|c autorsky zpracovali: Věra Brlicová, Michaela Cizlerová, Martin Mahel, Jolana Svobodová, Petr Vach, Libor Žák, Lucie Žáková
|
| 246 |
3 |
|
|a Matematika 8
|
| 246 |
3 |
0 |
|a Matematika pro 8. ročník základních škol a víceletá gymnázia
|
| 250 |
|
|
|a Vydání první
|
| 264 |
|
1 |
|a Brno :
|b Didaktis,
|c [2022]-
|
| 300 |
|
|
|a ^^^svazků :
|b ilustrace (převážně barevné), mapy, portréty ;
|c 30 cm
|
| 336 |
|
|
|a text
|b txt
|2 rdacontent
|
| 337 |
|
|
|a bez média
|b n
|2 rdamedia
|
| 338 |
|
|
|a svazek
|b nc
|2 rdacarrier
|
| 490 |
1 |
|
|a Učení pro život : edice moderních učebních materiálů
|
| 500 |
|
|
|a Obsahuje rejstřík
|
| 505 |
1 |
|
|a Učebnice. ©2022. 152 stran -- Pracovní sešit 1 / autorsky zpracovali: Věra Brlicová, Michaela Cizlerová, Jolana Svobodová, Petr Vach. ©2022. 86 stran -- Pracovní sešit 2 / autorsky zpracovali: Věra Brlicová, Martin Mahel, Libor Žák, Lucie Žáková. ©2022. 76 stran
|
| 650 |
0 |
7 |
|a matematika
|7 ph117231
|2 czenas
|
| 650 |
0 |
9 |
|a mathematics
|2 eczenas
|
| 655 |
|
7 |
|a učebnice základních škol
|7 fd133773
|2 czenas
|
| 655 |
|
7 |
|a učebnice středních škol
|7 fd133771
|2 czenas
|
| 655 |
|
7 |
|a pracovní sešity
|7 fd133116
|2 czenas
|
| 655 |
|
9 |
|a textbooks (elementary)
|2 eczenas
|
| 655 |
|
9 |
|a textbooks (secondary)
|2 eczenas
|
| 655 |
|
9 |
|a activity books
|2 eczenas
|
| 700 |
1 |
|
|a Cizlerová, Michaela
|7 ola2012731546
|4 aut
|
| 700 |
1 |
|
|a Mahel, Martin
|4 aut
|
| 700 |
1 |
|
|a Svobodová, Jolana
|4 aut
|
| 700 |
1 |
|
|a Vach, Petr
|4 aut
|
| 700 |
1 |
|
|a Žák, Libor,
|d 1964-
|7 mzk2002112578
|4 aut
|
| 700 |
1 |
|
|a Žáková, Lucie
|4 aut
|
| 830 |
|
0 |
|a Učení pro život
|0 s
|
| 910 |
2 |
|
|a BOA001
|b 4-1496.388
|s učebnice, pracovní sešit 1-2
|
| 990 |
|
|
|a BK
|
| 995 |
|
|
|a 01
|
| 991 |
|
|
|b 202211
|c NOV
|
| 996 |
6 |
|
|b 2610919852
|c 4-1496.388
|d 1, učebnice
|v 1
|l MZK
|r Sklad / do 1 hodiny
|n 0
|p p.v.
|w 001903903
|u 000010
|a 1
|e BOA001
|j MZK50
|s P
|
| 996 |
7 |
|
|b 2610919853
|c 4-1496.388
|d 1, učebnice
|v 1
|l MZK
|r Sklad / do 1 hodiny
|n 4
|p p.v.
|w 001903903
|u 000020
|a 1
|e BOA001
|j MZK50
|s A
|
| 996 |
6 |
|
|b 2610919854
|c 4-1496.388
|d 2, pracovní sešit 1
|v 2
|l MZK
|r Sklad / do 1 hodiny
|n 0
|p p.v.
|w 001903903
|u 000030
|a 1
|e BOA001
|j MZK50
|s P
|
| 996 |
7 |
|
|b 2610919855
|c 4-1496.388
|d 2, pracovní sešit 1
|v 2
|l MZK
|r Sklad / do 1 hodiny
|n 2
|p p.v.
|w 001903903
|u 000040
|a 1
|e BOA001
|j MZK50
|s A
|
| 996 |
6 |
|
|b 2610919856
|c 4-1496.388
|d 3, pracovní sešit 2
|v 3
|l MZK
|r Sklad / do 1 hodiny
|n 0
|p p.v.
|w 001903903
|u 000050
|a 1
|e BOA001
|j MZK50
|s P
|
| 996 |
7 |
|
|b 2610919857
|c 4-1496.388
|d 3, pracovní sešit 2
|v 3
|l MZK
|r Sklad / do 1 hodiny
|n 2
|p p.v.
|w 001903903
|u 000060
|a 1
|e BOA001
|j MZK50
|s A
|